Cyclisme : Vainqueurs de Tirreno-Adriatico - Statistiques

Statistiques générales
  • Ce quiz a été pris 15 fois
    5 depuis la dernière actualisation
  • Le résultat moyen est 18 sur 61
Statistiques - réponses
Année Vainqueur % Correct
2023 Primož Roglič
100%
2019 Primož Roglič
100%
2022 Tadej Pogačar
100%
2021 Tadej Pogačar
100%
2026 Isaac Del Toro
80%
2024 Jonas Vingegaard
80%
2014 Alberto Contador
60%
1981 Francesco Moser
60%
1980 Francesco Moser
60%
2025 Juan Ayuso
60%
2009 Michele Scarponi
60%
2017 Nairo Quintana
60%
2015 Nairo Quintana
60%
2020 Simon Yates
60%
2013 Vincenzo Nibali
60%
2012 Vincenzo Nibali
60%
2011 Cadel Evans
40%
1982 Giuseppe Saronni
40%
1978 Giuseppe Saronni
40%
1977 Roger De Vlaeminck
40%
1976 Roger De Vlaeminck
40%
1975 Roger De Vlaeminck
40%
1974 Roger De Vlaeminck
40%
1973 Roger De Vlaeminck
40%
1972 Roger De Vlaeminck
40%
1984 Tommy Prim
40%
1990 Tony Rominger
40%
1989 Tony Rominger
40%
2001 Davide Rebellin
20%
2008 Fabian Cancellara
20%
1996 Francesco Casagrande
20%
2016 Greg Van Avermaet
20%
1993 Maurizio Fondriest
20%
2018 Michał Kwiatkowski
20%
1997 Roberto Petito
20%
1983 Roberto Visentini
20%
2010 Stefano Garzelli
20%
2000 Abraham Olano
0%
2007 Andreas Klöden
0%
1970 Antoon Houbrechts
0%
1969 Carlo Chiappano
0%
1968 Claudio Michelotto
0%
1966 Dino Zandegù
0%
1988 Erich Mächler
0%
2002 Erik Dekker
0%
2003 Filippo Pozzato
0%
1967 Franco Bitossi
0%
1994 Giorgio Furlan
0%
1991 Herminio Díaz Zabala
0%
1971 Italo Zilioli
0%
1985 Joop Zoetemelk
0%
1979 Knut Knudsen
0%
1986 Luciano Rabottini
0%
1999 Michele Bartoli
0%
2005 Óscar Freire
0%
2004 Paolo Bettini
0%
1998 Rolf Järmann
0%
1992 Rolf Sørensen
0%
1987 Rolf Sørensen
0%
1995 Stefano Colagè
0%
2006 Thomas Dekker
0%
Aucun quiz correspondant
Distribution des résultats
% des personnes avec chaque résultat
Percentile par nombre de réponses
Votre historique - résultats
Vous n’avez pas pris ce quiz depuis la dernière actualisation